Language Quiz

Random Language Quiz

Conditional tense Quiz Stats

 Plays Quiz not verified by Sporcle

Also try: Who Gnu?
Challenge
Share
Tweet
Embed
Score 0/9 Timer 05:00
0 Plays Today
Hint Answer % Correct
Jeais
100%
Tuais
100%
Ilait
90%
Elleait
90%
Vousiez
90%
Ilsaient
90%
Ellesaient
90%
Nousions
80%
How do you form it? Keep the verb in its infinitive form and add the ending
30%

You're not logged in!

Compare scores with friends on all Sporcle quizzes.
Join for Free
OR
Log In

You Might Also Like...

Show Comments

Extras

Created May 26, 2016ReportNominate
Tags:condition, tense

Top Quizzes Today


Score Distribution

Your Account Isn't Verified!

In order to create a playlist on Sporcle, you need to verify the email address you used during registration. Go to your Sporcle Settings to finish the process.

Report this User

Report this user for behavior that violates our Community Guidelines.

Details: